000 00256nam a22001097a 4500
008 170123b xxu||||| |||| 00| 0 eng d
020 _a0130945595
041 _aeng
080 _23rd
_a618.2
245 _aESSENTIALS OF EMERGENCYCARE
_cLIMMER
942 _2udc
_cBK
999 _c3421
_d3421